Statistics for Ottawa Senators Roster

Click here to take the quiz!

General Stats

  • This quiz has been taken 18 times
    (5 since last reset)
  • The average score is 12 of 25

Answer Stats

PositionAnswer% Correct
Left WingBrady Tkachuk
100%
DefensemanThomas Chabot
100%
GoaltenderAnton Forsberg
80%
CenterClaude Giroux
80%
CenterDrake Batherson
80%
DefensemanJake Sanderson
80%
DefensemanJakob Chychrun
80%
GoaltenderJoonas Korpisalo
80%
CenterJosh Norris
80%
Left WingTim Stützle
80%
DefensemanArtem Zub
60%
DefensemanErik Brännström
60%
CenterShane Pinto
60%
Right WingMathieu Joseph
40%
Left WingParker Kelly
40%
Left WingBoris Katchouk
20%
Left WingDominik Kubalík
20%
DefensemanJacob Bernard-Docker
20%
CenterMark Kastelic
20%
CenterRidly Greig
20%
DefensemanTravis Hamonic
20%
CenterZack MacEwen
20%
Left WingAngus Crookshank
0%
Left WingJiri Smejkal
0%
CenterRourke Chartier
0%

Score Distribution

Percentile by Number Answered

Percent of People with Each Score

Your Score History

You have not taken this quiz since the last reset